ARRUPE JESUIT UNIVERSITY

CORONAVIRUS -STOP THE SPREAD - CLEAN,DISINFECT,COVER

African religion in African scholarship : (Record no. 131142)

MARC details
000 -LEADER
fixed length control field 01420nam a2200325 a 4500
001 - CONTROL NUMBER
control field 554120
003 - CONTROL NUMBER IDENTIFIER
control field ARRUPE
005 - DATE AND TIME OF LATEST TRANSACTION
control field 20220201134733.0
008 - FIXED-LENGTH DATA ELEMENTS--GENERAL INFORMATION
fixed length control field 880606s1985 sw b 000 0 eng d
010 ## - LIBRARY OF CONGRESS CONTROL NUMBER
LC control number 88146708
020 ## - INTERNATIONAL STANDARD BOOK NUMBER
International Standard Book Number 9171463445
035 ## - SYSTEM CONTROL NUMBER
System control number (OCoLC)14392475
040 ## - CATALOGING SOURCE
Original cataloging agency ODaTS
Transcribing agency DLC
Modifying agency DLC
042 ## - AUTHENTICATION CODE
Authentication code lccopycat
043 ## - GEOGRAPHIC AREA CODE
Geographic area code f------
050 04 - LIBRARY OF CONGRESS CALL NUMBER
Classification number BR-1360-1
300 ## - PHYSICAL DESCRIPTION
Dimensions 24 cm.
100 1# - MAIN ENTRY--PERSONAL NAME
Personal name Westerlund, David.
9 (RLIN) 29267
245 10 - TITLE STATEMENT
Title African religion in African scholarship :
Remainder of title a preliminary study of the religious and political background /
Statement of responsibility, etc David Westerlund.
260 ## - PUBLICATION, DISTRIBUTION, ETC. (IMPRINT)
Place of publication, distribution, etc Stockholm :
Name of publisher, distributor, etc Almqvist & Wiksell International,
Date of publication, distribution, etc 1985.
300 ## - PHYSICAL DESCRIPTION
Extent 104 p. ;
490 1# - SERIES STATEMENT
Series statement Studies published by the Institute of Comparative Religion at the University of Stockholm,
International Standard Serial Number 0348-7415 ;
Volume number/sequential designation 7 =
Series statement Skrifter utgivna av Religionshistoriska institutionen vid Stockholms universitet
504 ## - BIBLIOGRAPHY, ETC. NOTE
Bibliography, etc Includes bibliographical references (p. 92-103).
650 #0 - SUBJECT ADDED ENTRY--TOPICAL TERM
Topical term or geographic name as entry element Christianity
Geographic subdivision Africa
General subdivision Study and teaching.
9 (RLIN) 51043
651 #0 - SUBJECT ADDED ENTRY--GEOGRAPHIC NAME
Geographic name Africa
General subdivision Religion
-- Study and teaching.
9 (RLIN) 51044
710 2# - ADDED ENTRY--CORPORATE NAME
Corporate name or jurisdiction name as entry element Stockholms universitet.
Subordinate unit Religionshistoriska institutionen.
9 (RLIN) 51045
830 #0 - SERIES ADDED ENTRY--UNIFORM TITLE
Uniform title Studies (Stockholms universitet. Religionshistoriska institutionen) ;
Volume number/sequential designation 7.
9 (RLIN) 51046
906 ## - LOCAL DATA ELEMENT F, LDF (RLIN)
a 7
b cbc
c copycat
d 3
e ncip
f 19
g y-gencatlg
942 ## - ADDED ENTRY ELEMENTS (KOHA)
Source of classification or shelving scheme Library of Congress Classification
Koha item type Monograph ( Printed materials)
Holdings
Withdrawn status Lost status Source of classification or shelving scheme Damaged status Not for loan Collection code Home library Current library Shelving location Date acquired Total Checkouts Full call number Barcode Date last seen Date checked out Price effective from Koha item type
    Library of Congress Classification     Main Collection ARRUPE COLLEGE BOOKSTORE ARRUPE LIBRARY Main Collection 01/02/2022 1 BR-1360-1 46600007866 12/05/2022 01/02/2022 01/02/2022 Monograph ( Printed materials)

 

Arrupe Library. PO Box MP320 Mt Pleasant, Harare, Zimbabwe
263 242 745411|librarian@aju.ac.zw